000 00485cam a22001814a 4500
005 20250605164243.0
008 250528s ||||||||||||||||||||||||d
035 _a21391
040 _aGR-AtMCL
_bgre
_dGR-AtMCL
_eAACR2
245 1 _aΟΡΓΑΝΩΣΙΑΚΕΣ ΠΕΡΙΠΤΩΣΕΙΣ
250 _a1
260 _bΓερμανος,
_c1993
300 _a219
700 1 _aΞηροτυρη-Κουφιδου Στυλιανη
_97436
942 _cBK
999 _c6454
_d6454